|
|
|
|
| LEADER |
00000cam a2200000 a 4500 |
| 001 |
vtls011595811 |
| 003 |
SK-MaSNL |
| 005 |
20260302020232.0 |
| 008 |
240318s2016 pl a c 000 j slo |
| 015 |
|
|
|a SNBZSA2017/01
|
| 020 |
|
|
|a 9788374909457
|q (brož.)
|
| 035 |
|
|
|a urn:nbn:sk:snk-am00cy09
|
| 035 |
|
|
|a urn:nbn:sk:snk-am3hf09
|
| 035 |
|
|
|a 0BB8BD10-4B75-4E99-8A3D-9E4D4E79B70F
|
| 040 |
|
|
|a SNK
|b slo
|c SNK
|e AACR2
|
| 041 |
0 |
|
|a slo
|
| 044 |
|
|
|a pl
|c PL
|
| 072 |
|
7 |
|a 821.162.4-3
|x Slovenská próza
|2 konspekt
|
| 072 |
|
7 |
|a 821-93
|x Literatúra pre deti a mládež (beletria)
|2 konspekt
|
| 080 |
|
|
|a 821.162.4-32
|2 2011
|
| 080 |
|
|
|a 82-93-053.2
|2 2011
|
| 080 |
|
|
|a 821.162.4
|2 2011
|
| 100 |
1 |
|
|a Dučák, Karol
|4 aut
|9 662928
|
| 245 |
1 |
0 |
|a O márnotratnom otcovi
|b rozprávky pre deti od 12 do 112 rokov
|c Karol Dučák ; [ilustrovali žiaci ZUŠ na ulici A. Dubčeka vo Vranove nad Topľou]
|
| 260 |
|
|
|a Krakow
|b Spolok Slovákov v Poľsku
|c 2016
|
| 300 |
|
|
|a 92 s.
|b ilustr.
|c 24 cm
|
| 650 |
0 |
7 |
|a slovenská literatúra
|2 SNKPH
|9 1115
|
| 650 |
0 |
7 |
|a Slovak literature
|2 SNKPHeng
|9 265073
|
| 655 |
|
7 |
|a slovenské príbehy
|2 SNKPH
|9 70494
|
| 655 |
|
7 |
|a publikácie pre deti
|2 SNKPH
|9 70148
|
| 655 |
|
7 |
|a Slovak stories
|2 SNKPHeng
|9 277112
|
| 655 |
|
7 |
|a Children's literature
|2 SNKPHeng
|9 276039
|
| 655 |
|
7 |
|a duchovné príbehy
|2 SNKPH
|9 662929
|
| 919 |
|
|
|a 978-83-7490-945-7
|
| 958 |
|
|
|a PL
|
| 958 |
|
|
|a LX
|
| 958 |
|
|
|a DB
|
| 958 |
|
|
|a ZS
|
| 999 |
|
|
|c 1024341
|d 1026271
|
| 952 |
|
|
|a SNK
|b SNK
|y PREZ
|7 0
|p 17A1250107
|o snkSC 172338
|i snk2016/29067
|8 1
|0 0
|1 0
|4 0
|d 2016-12-21
|f 1
|l 0
|r 2025-09-10 00:00:00
|w 2026-02-24
|
| 952 |
|
|
|a SNK
|b SNK
|y VYP
|7 0
|p 17A1258807
|o snkSC 172338 D1
|i snk2017/11061
|8 2
|g 5.64
|0 0
|1 0
|4 0
|d 2017-04-20
|l 0
|r 2026-02-24 13:34:35
|w 2026-02-24
|